<The> Diffusion of Innovations in the World Textile Industry Does a Country's Level of Economic Development Matter?

Gespeichert in:
Bibliographische Detailangaben
1. Verfasser: Lücke, Matthias
Format: Buch
Sprache:Englisch
Veröffentlicht: Kiel Institut für Weltwirtschaft 1995
Schriftenreihe:Kiel Working Paper No. 686
Schlagworte:
Tags: Tag hinzufügen
Keine Tags, Fügen Sie das erste Tag hinzu!

MARC

LEADER 00000nam a2200000 4500
001 c010689
005 20251009085837.7
041 0 |a eng 
044 |a DE 
245 1 0 |a <The> Diffusion of Innovations in the World Textile Industry  |b Does a Country's Level of Economic Development Matter?  |c Matthias Lücke 
264 1 |a Kiel  |b Institut für Weltwirtschaft  |c 1995 
300 |a 11 s. 
490 1 |a Kiel Working Paper  |v No. 686 
830 0 |a Kiel Working Paper  |v No. 686 
610 2 0 |a priemysel textilný 
610 2 0 |a inovácia 
610 2 0 |a rozvoj hospodársky 
610 2 0 |a hospodárstvo svetové 
610 2 0 |a úroveň rozvoja hospodárskeho 
100 1 |a Lücke, Matthias